[Event "Goiania op"]
[Site "Goiania"]
[Date "2012.03.11"]
[Round "5"]
[White "Maquieira, Victor Rodrigues A"]
[Black "Di Simoni, Rafaela Moura"]
[Result "1-0"]
[WhiteElo "1810"]
[BlackElo "1665"]
[PlyCount "107"]
[EventDate "2012.03.09"]
[EventType "swiss"]
[EventRounds "6"]
[EventCountry "BRA"]
[SourceTitle "CBM 147 Extra"]
[Source "ChessBase"]
[SourceDate "2012.04.24"]
[SourceVersion "1"]
[SourceVersionDate "2012.04.24"]
[SourceQuality "1"]

1. e4 c5 2. Nf3 d6 3. d4 cxd4 4. Nxd4 Nf6 5. Nc3 e5 6. Nf3 a6 7. Bg5 Nc6 8. Nd5 Be7 9. Bxf6 Bxf6 10. Nxf6+ Qxf6 11. Bc4 b5 12. Qd5 bxc4 13. Qxc6+ Ke7 14. Qxa8 Rd8 15. Qa7+ Kf8 16. 0-0-0 Qf4+ 17. Kb1 Rd7 18. Qb8 Rd8 19. Rxd6 Re8 20. Rc6 Qg4 21. Qb4+ Kg8 22. Rg1 Qd7 23. Rxc4 Qa7 24. Qc5 Qb7 25. Nxe5 a5 26. Qxa5 Be6 27. Rb4 Qe7 28. Rd1 f6 29. Nc6 Qf7 30. b3 h6 31. Rd8 Kh7 32. Rxe8 Qxe8 33. Nd4 Qd7 34. Nxe6 Qxe6 35. Qf5+ Qxf5 36. exf5 Kg8 37. Rb7 Kh7 38. c4 Kg8 39. c5 Kf8 40. c6 Ke8 41. c7 Kd7 42. c8Q+ Kxc8 43. Rxg7 Kd8 44. Kc2 Ke8 45. Kd3 Kf8 46. Ra7 Ke8 47. Kc4 Kd8 48. Kc5 Kc8 49. Kd6 Kb8 50. Rh7 Kc8 51. Rg7 h5 52. h4 Kb8 53. Kc6 Ka8 54. Kb6 1-0

[Event "BRA-ch Amateur"]
[Site "Goiania"]
[Date "2012.02.18"]
[Round "1"]
[White "Maquieira, Victor Rodrigues A"]
[Black "De Freitas, Julio Eimard"]
[Result "0-1"]
[WhiteElo "1810"]
[BlackElo "1884"]
[PlyCount "47"]
[EventDate "2012.02.18"]
[EventType "swiss"]
[EventRounds "7"]
[EventCountry "BRA"]
[SourceTitle "CBM 147 Extra"]
[Source "ChessBase"]
[SourceDate "2012.04.24"]
[SourceVersion "1"]
[SourceVersionDate "2012.04.24"]
[SourceQuality "1"]

1. e4 c5 2. Nf3 d6 3. d4 cxd4 4. Nxd4 Nf6 5. Nc3 Nc6 6. Bb5 Bd7 7. Bxc6 bxc6 8. Bg5 Qa5 9. Bxf6 exf6 10. Qd3 g6 11. Nb3 Qg5 12. g3 Be7 13. Nd2 0-0 14. 0-0-0 a5 15. f4 Qc5 16. Nb3 Qa7 17. a4 Rfb8 18. e5 fxe5 19. fxe5 Bf5 20. Qe2 Bg5+ 21. Kb1 Qb6 22. Ne4 d5 23. Nc3 Qxb3 24. Rd3 0-1